000
00325nam a2200145Ia 4500
005
20250318073733.0
008
240331s9999 xx 000 0 und d
082
_b
KRI
_a
894
100
_a
Krishnan, R
245
0
_a
Aval
260
_a
Madras
_b
Dhagam
_c
1992
300
_a
191 p .,
650
_a
Tamil Short Stories
942
_c
L
999
_c
4036
_d
4036